| 000 | 00857nam a2200217Ia 4500 | ||
|---|---|---|---|
| 999 |
_c40286 _d40286 |
||
| 001 | 6894 | ||
| 003 | GE_BSU | ||
| 005 | 20200203104830.0 | ||
| 008 | 181216s1983||||ge |||||||||||||| ||geo|| | ||
| 040 | _cGE_BSU | ||
| 041 | _ageo | ||
| 080 | _a821.353.1-1 გ-69 | ||
| 100 |
_aგორგანელი, ვახტანგ. _96511 |
||
| 245 |
_aცეცხლი და ყვავილი : _bლექსები / _cვახტანგ გორგანელი ; რედ. ჯ. ნიქაბაძე. |
||
| 264 |
_aთბილისი : _bსაბჭ.საქართველო, _c1969. |
||
| 300 |
_a114 გვ. ; _c16 სმ. |
||
| 653 | _aცეცხლი და ყვავილი | ||
| 653 | _aლექსები | ||
| 700 |
_aნიქაბაძე, ჯ. _eრედაქტორი _93852 |
||
| 942 |
_cBK _2udc |
||